00000000nam 2200000za 4500
0019.696210
003CaOODSP
00520220427084708
007cr |||||||||||
008150407|2002||||xxc|||||o    f|0| 0 eng d
040 |aCaOODSP|beng
043 |an-cn---
0861 |aNE23-93/2002E-PDF
1101 |aCanada. |bNational Energy Board.
24510|aCanadian natural gas market, dynamics and pricing : |h[electronic resource]|ban update : an energy market assessment
260 |aCalgary - Alberta : |bNational Energy Board |cOctober 2002.
300 |a56p.|bglossary, graphs, maps (some coloured)
500 |aThe catalogue number (NE23-93/2002E) and ISBN (0-662-33025-0) for the print edition have been incorrectly copied in this electronic publication.
590 |a12-21-Supp|b2012-05-18
69007|aEnergy supply|2gcpds
69007|aNatural gas|2gcpds
69007|aPrices|2gcpds
77508|tLe marché du gaz naturel au Canada, dynamique et prix : |w(CaOODSP)9.640333
795 |tCanadian natural gas market, dynamics and pricing : |w(CaOODSP)9.695992
85640|ahttp://publications.gc.ca|qPDF|s1.71 MB|uhttps://publications.gc.ca/collections/collection_2012/one-neb/NE23-93-2002-eng.pdf